|
|
|
|
| LEADER |
00810nab a2200193 i 4500 |
| 001 |
misc27909 |
| 005 |
20191111110255.0 |
| 008 |
170916s1988 hu o 0|| zxx d |
| 040 |
|
|
|a SZTE Miscellanea Repozitórium
|b hun
|
| 041 |
|
|
|a zxx
|
| 100 |
1 |
|
|a Fülöp Ferenc
|
| 245 |
1 |
0 |
|a Direct NMR spectroscopic proof for the ring-chain tautomerism in the thiazolidine system
|h [elektronikus dokumentum] /
|c Fülöp Ferenc
|
| 260 |
|
|
|c 1988
|
| 300 |
|
|
|a 5427-5428
|
| 490 |
0 |
|
|a Kolligátum
|
| 695 |
|
|
|a Heterociklusos vegyületek - szintézis, Szerves kémia - reakciómechanizmus, Heterociklusos vegyületek - izomerizáció, Mágneses magrezonancia - színképelemzés
|
| 700 |
0 |
1 |
|a Mattinen Jorma
|e aut
|
| 700 |
0 |
1 |
|a Pihlaja Kalevi
|e aut
|
| 856 |
4 |
0 |
|u http://misc.bibl.u-szeged.hu/27909/1/018_019_054-055.pdf
|z Dokumentum-elérés
|